[Event "11th Eksjo it"]
[Site "Eksjo SWE"]
[Date "1983.08.??"]
[Round "8"]
[White "Cocozza, Mario"]
[Black "Rothen, Hakan"]
[Result "0-1"]
[WhiteElo "2280"]
[BlackElo "2285"]
[EventDate "1983.08.12"]
[PlyCount "131"]

1.e4 c5 2.Nf3 Nf6 3.e5 Nd5 4.d4 cxd4 5.c3 Nc6 6.cxd4 d6 7.Bc4 Nb6 8.Bb5 
dxe5 9.Nxe5 Bd7 10.Nf3 Nb4 11.Be2 Rc8 12.Nc3 Rxc3 13.bxc3 Ba4 14.Qd2 Nc2+ 
15.Kf1 Nxa1 16.Bd3 Qd5 17.Qb2 Nb3 18.axb3 Qxb3 19.Qxb3 Bxb3 20.Nd2 Ba4 21.
Be4 Bb5+ 22.Ke1 Bc6 23.Bxc6+ bxc6 24.Ba3 e6 25.Bxf8 Rxf8 26.Ke2 Kd7 27.Ra1
Ra8 28.Nb3 Kc7 29.Ra6 Nd7 30.Kd3 Kb7 31.Ra5 Re8 32.Nd2 e5 33.Nc4 e4+ 34.
Ke3 Re6 35.d5 cxd5 36.Rxd5 Nf6 37.Rg5 g6 38.h3 a6 39.Ra5 Nd7 40.g4 Nb6 41.
Nb2 Rf6 42.Re5 Rf3+ 43.Kxe4 Rxc3 44.h4 Rc7 45.Kd3 Nd7 46.Rd5 Nf6 47.Rd4 
Rd7 48.g5 Rxd4+ 49.Kxd4 Nd7 50.Kd5 Kc7 51.f3 Kd8 52.Nc4 Ke7 53.Na5 Kf8 54.
Kd6 Nb6 55.f4 Nc8+ 56.Ke5 Ne7 57.Kf6 Nd5+ 58.Ke5 Ne3 59.Nb7 Kg7 60.Nd6 a5 
61.Ne8+ Kf8 62.Nf6 a4 63.Kd4 Nf5+ 64.Kc4 Nxh4 65.Nxh7+ Ke7 66.Nf6 0-1

[Event "11th Eksjo it"]
[Site "Eksjo SWE"]
[Date "1983.08.??"]
[Round "8"]
[White "Agdestein, Simen"]
[Black "Wiedenkeller, Michael"]
[Result "1/2-1/2"]
[WhiteElo "2400"]
[BlackElo "2385"]
[EventDate "1983.08.12"]
[PlyCount "66"]

1.d4 Nf6 2.c4 e6 3.Nf3 d5 4.Nc3 Bb4 5.Bg5 h6 6.Bxf6 Qxf6 7.e3 c5 8.Rc1 
cxd4 9.Nxd4 O-O 10.cxd5 exd5 11.Qb3 Bxc3+ 12.Qxc3 Bf5 13.Nxf5 Qxf5 14.Bd3 
Qg5 15.O-O Nc6 16.Rfd1 Rad8 17.Qb3 Rd7 18.Bb5 Qf6 19.Bxc6 bxc6 20.Rd4 Qd6 
21.Qc3 Rb8 22.b4 a5 23.a3 axb4 24.axb4 Rb6 25.g3 Ra7 26.e4 Rab7 27.exd5 
cxd5 28.Qc8+ Kh7 29.Qf5+ Qg6 30.Qxg6+ Kxg6 31.Rc5 Rxb4 32.Rxb4 Rxb4 33.
Rxd5 Ra4 1/2-1/2

[Event "11th Eksjo it"]
[Site "Eksjo SWE"]
[Date "1983.08.??"]
[Round "9"]
[White "Bass, Leonid"]
[Black "Cocozza, Mario"]
[Result "0-1"]
[WhiteElo "2460"]
[BlackElo "2280"]
[EventDate "1983.08.12"]
[PlyCount "114"]

1.d4 Nf6 2.c4 g6 3.Nc3 d5 4.Nf3 Bg7 5.Qb3 dxc4 6.Qxc4 O-O 7.e4 Bg4 8.Be3 
Nfd7 9.Qb3 Nb6 10.Rd1 Nc6 11.d5 Ne5 12.Be2 Nxf3+ 13.gxf3 Bh5 14.Rg1 Qd7 
15.a4 Qh3 16.Rg3 Qxh2 17.Bf1 Nd7 18.Rh3 Qd6 19.Nb5 Qf6 20.Bd4 Ne5 21.Be2 
a6 22.Na3 Qf4 23.Nc2 Nd7 24.Be3 Qf6 25.Nd4 Rab8 26.Rd2 c5 27.Nf5 gxf5 28.
Rxh5 f4 29.Rf5 fxe3 30.Rxf6 exd2+ 31.Kxd2 Nxf6 32.Qe3 Rbc8 33.f4 Rfd8 34.
Kc2 c4 35.a5 Rc7 36.Bf3 Kh8 37.f5 Nd7 38.Bh5 Kg8 39.f4 Rc5 40.f6 exf6 41.
Bg4 Rxa5 42.Qc3 Rb5 43.Bf5 b6 44.Qh3 Nf8 45.Qa3 Ng6 46.Qxa6 Rb4 47.Qb7 Bf8
48.Qc7 Rd6 49.Bd7 Be7 50.Bc6 Kf8 51.Qc8+ Rd8 52.Qf5 Kg7 53.e5 c3 54.bxc3 
Rxf4 55.exf6+ Bxf6 56.Qd3 Ne5 57.Qb5 Nc4 0-1

[Event "11th Eksjo it"]
[Site "Eksjo SWE"]
[Date "1983.08.??"]
[Round "9"]
[White "Wiedenkeller, Michael"]
[Black "Regan, Kenneth"]
[Result "1/2-1/2"]
[WhiteElo "2385"]
[BlackElo "2435"]
[EventDate "1983.08.12"]
[PlyCount "97"]

1.e4 e5 2.Nf3 Nc6 3.Bc4 Nf6 4.d3 Be7 5.O-O d6 6.c3 Be6 7.Bxe6 fxe6 8.Qb3 
Qc8 9.Ng5 d5 10.f4 exf4 11.Bxf4 h6 12.exd5 exd5 13.Nf3 O-O 14.Nbd2 Bc5+ 
15.d4 Bd6 16.Bxd6 cxd6 17.Ne4 Ne7 18.Nxd6 Qe6 19.Nb5 Qe3+ 20.Kh1 Ng4 21.
Qc2 Qf4 22.Qd2 Ne3 23.Rf2 Nxg2 24.Qxf4 Nxf4 25.Ne5 Nh3 26.Rxf8+ Rxf8 27.
Re1 Nf2+ 28.Kg1 Nh3+ 29.Kh1 Rf2 30.Nd3 Rd2 31.Rxe7 Rxd3 32.Nd6 Rd2 33.Rxb7
Ng5 34.Rb8+ Kh7 35.Rf8 Rxb2 36.h4 Ne4 37.Nxe4 dxe4 38.Re8 Rxa2 39.Rxe4 Rc2
40.d5 Rxc3 41.Rd4 Rc7 42.h5 g6 43.Kg2 gxh5 44.d6 Rd7 45.Kf3 Kg6 46.Ke4 h4 
47.Kd5 Kg5 48.Kc6 Rd8 49.Kc7 1/2-1/2

[Event "11th Eksjo it"]
[Site "Eksjo SWE"]
[Date "1983.08.??"]
[Round "9"]
[White "Rothen, Hakan"]
[Black "Agdestein, Simen"]
[Result "1/2-1/2"]
[WhiteElo "2285"]
[BlackElo "2400"]
[EventDate "1983.08.12"]
[PlyCount "42"]

1.e4 d6 2.d4 Nf6 3.Nc3 g6 4.f4 Bg7 5.e5 Nfd7 6.Nf3 O-O 7.Ne4 c5 8.c3 cxd4 
9.cxd4 Nb6 10.Be2 Nc6 11.O-O Nd5 12.Nc3 dxe5 13.fxe5 Bf5 14.Bd3 Nxc3 15.
bxc3 Bxd3 16.Qxd3 Nxe5 17.Nxe5 Bxe5 18.Qe4 Bg7 19.Ba3 Qc7 20.Bxe7 Rfe8 21.
Rae1 Qxc3 1/2-1/2